[Event "Grenke Chess Classic 1st"]
[Site "Baden-Baden"]
[Date "2013.02.10"]
[Round "4"]
[White "Fridman, Daniel"]
[Black "Anand, Viswanathan"]
[Result "1/2-1/2"]
[WhiteElo "2667"]
[BlackElo "2780"]
[Annotator "Stohl,I"]
[PlyCount "115"]
[EventDate "2013.02.07"]
[EventType "tourn"]
[EventRounds "10"]
[EventCountry "GER"]
[EventCategory "19"]
[SourceTitle "CBM 153"]
[Source "ChessBase"]
[SourceDate "2013.03.14"]
[SourceVersion "1"]
[SourceVersionDate "2013.03.14"]
[SourceQuality "1"]

1. Nf3 c5 2. c4 Nc6 3. d4 cxd4 4. Nxd4 Nf6 5. Nc3 e6 6. g3 (6. a3 Bc5 7. Nb3
Be7 8. e4 O-O 9. Be2 b6 10. O-O Bb7 11. Bf4 d6 12. Rc1 Rc8 13. Re1 Ne5 14. Nd2
Nfd7 15. Be3 Qc7 16. b4 Qb8 17. f4 Ng6 18. g3 Rfe8 19. Bf3 Qa8 20. Bf2 Ngf8 21.
Qe2 Qb8 22. Red1 $14 {(),Carlsen,M (2848)-Polgar,J (2705)/London/2012/ See the
notes to this game in CBM 152.}) 6... Qb6 7. Nb3 Ne5 8. e4 Bb4 9. Qe2 d6 10.
Bd2 a5 11. f4 Nc6 12. Be3 Qc7 13. Bg2 e5 $1 $146 {[%mdl 8] We have already
mentioned this position in the notes to Carlsen-Polgar. Anand's novelty is a
radical, but logical attempt to solve the opening problems Black has faced
after other moves:} (13... a4 14. Nd2 Bxc3 15. bxc3 b6 (15... O-O 16. c5 d5 17.
O-O Rd8 18. e5 Nd7 19. Qh5 Ra5 20. g4 f6 21. exf6 Nxf6 22. Qh4 d4 23. cxd4 Nxd4
24. Rad1 Qxc5 25. Kh1 $18 {[%cal Rd2f3,Rd2e4] D'Costa,L (2411)-Edouard,R (2531)
/Palma de Mallorca/2008/} Qc3 26. Bf2 Rad5 27. Ne4 Nxe4 28. Bxe4 Qc4 29. Qxh7+
Kf8 30. Rc1 Qb5 31. Bh4 Ne2 32. Bg6 Rh5 33. gxh5 {1-0 D'Costa,L (2411)-Edouard,
R (2531)/Palma de Mallorca 2008/CBM 127 Extra}) 16. Rb1 Nd7 17. Qf2 Rb8 18. O-O
O-O 19. g4 Ba6 (19... f6 $5) 20. Qh4 Rfe8 21. Rf3 Nf8 22. Rh3 b5 (22... Na5
$142 $5 {/\} 23. e5 Nxc4 $13) 23. e5 dxe5 24. Be4 h6 25. f5 f6 26. Bxh6 $1 gxh6
27. Qxh6 $40 {Morozevich,A (2748)-Leko,P (2732)/Tashkent/2012/ For more
details see the notes to this game by Ftacnik in CBM 152.}) (13... O-O 14. O-O
Bxc3 15. bxc3 Bd7 16. g4 (16. c5 $5 d5 17. e5 $36) 16... Rfc8 17. g5 Ne8 18. c5
Ne7 (18... a4 $5 19. cxd6 Nxd6 20. Nc5 Na5 $132) 19. a4 d5 20. f5 dxe4 21. fxe6
Bxe6 22. Nd4 Bd5 $2 (22... Qe5 $5) 23. c4 Bc6 {Fuhrmann,A (1649)-Berkley,S 
(1756)/corr/2001/} 24. Rxf7 $1 $40 Kxf7 25. Rf1+ Kg8 26. Ne6 $16) 14. O-O (14.
f5 {is a double-edged attempt to deny Black the g4-square:} a4 15. Nd2 {
Risky, but possibly more promising is} Bc5 $5 (15... Nd4 16. Bxd4 (16. Qd3 Bd7
$1 $32 {|^}) 16... exd4 17. Nd5 Nxd5 18. exd5+ Qe7 19. Qxe7+ Kxe7 20. a3 Ba5 (
20... Bxd2+ 21. Kxd2 Bxf5 {doesn't win a pawn due to} 22. Rae1+ Kd7 23. Rhf1
Bg6 24. Bh3+ Kd8 25. Rf4 $11 {/+/=}) 21. Rf1 $13 {/=}) 16. Bg5 (16. Nb5 Qe7 17.
Rd1 Nd4 18. Bxd4 exd4 19. Nf3 O-O 20. Nfxd4 Bd7 $36) 16... a3 (16... Nd4 17.
Qd3 Qb6 18. Rb1 $13) 17. Bxf6 axb2 18. Rb1 gxf6 19. Nd5 Qa5 $5 $13 {/=/+ with
strong counterplay on the dark squares - White's K is no safer than Black's.})
14... Bxc3 {It's impotant to flick in this exchange.} (14... a4 $143 $6 15. Nb5
$1 Qe7 16. a3 Bc5 17. Nxc5 dxc5 18. Qf2 b6 19. fxe5 Nxe5 20. Bg5 $36) 15. bxc3
a4 16. Nd2 ({The text move allows the subsequent sortie, but after} 16. Nc1 $6
Ng4 17. Bd2 (17. Nd3 $142) 17... Na5 $36 {White's knight looks extremely stupid
}) 16... Ng4 $1 {Exchanging the strong dark-squared bishop gives Black a
promising position - White will be hard pressed to find compensation for his
queenside weaknesses.} 17. Rab1 ({In my opinion a more accurate move was} 17.
f5 $142 Nxe3 18. Qxe3 f6 (18... Na5 19. f6 $132) 19. c5 $5 (19. Rab1 Na5 {
tranposes to the game}) 19... dxc5 20. Qxc5 Ra5 (20... b6 21. Qa3 Ne7 22. Rfd1
O-O 23. Rab1 $132) 21. Qe3 Ne7 22. Rab1 O-O 23. Rfc1 $11 {/<=> Black is OK,
but his forces are not fully coordinated yet and White can claim (a slightly
uneasy) equality.}) 17... Nxe3 18. Qxe3 Na5 19. f5 f6 $1 {Black is behind in
development, so Anand hardly even considered the greedy} (19... Nxc4 20. Nxc4
Qxc4 21. Qg5 Rg8 22. Rfd1 $44 {[%csl Ra8,Re8,Rg8] -> Here Black's king may run
into all sorts of trouble on e8. On the contrary, after the text-move Anand
will soon safeguard his king and White's space advantage on the kingside won't
give him attacking chances, but only counterplay at most.}) 20. Rb4 Bd7 21. Bf3
Qc5 {[%csl Ra2,Rc3,Rc4][%mdl 4112] With a better pawn-structure Black
willingly goes into an endgame. Glancing ahead, this factor should have
ultimately decided the game much later on.} 22. Kf2 Kd8 {[%csl Gc7][%cal Yd8c7]
Another good move - the king aims for its ideal square c7.} 23. Bd1 Kc7 $5 {
Anand sacrifices a relatively unimportant pawn.} ({After} 23... a3 24. Nb3 (24.
Be2 Kc7 $15) 24... Nxb3 25. Bxb3 Bc6 26. Bc2 $15 {White is passive, but
breaking into his position is a tough task.}) 24. Bxa4 Nc6 25. Bxc6 $8 Bxc6 26.
Qxc5 {Again probably a concession, as the open d-file will pose White more
problems than the c-file.} (26. Ra1 Ra6 $44 {Black is fine here, but must
still work to achieve something more tangible.} (26... g6 $5 $44)) 26... dxc5
27. Rb2 Ra3 28. Nb1 Ra4 29. Nd2 Rd8 $1 $44 {[%csl Ra2,Rc3,Rc4,Re4][%cal Gd8d1]
|^} 30. Re1 (30. Ke3 $5 Rd6 31. g4 {[%cal Yf1g1] might have spared White a
tempo.}) 30... Rd6 {[%cal Yc6e8,Ye8f7]} 31. g4 $1 {Defending purely passively
is not only against human nature, but probably objectively hopeless in the
long run. Therefore Fridman correctly seeks counterplay even at the cost of
further opening the position.} Be8 32. Rg1 h6 (32... Bf7 33. g5 $132) 33. h4
Ra3 34. Nb1 Ra8 35. g5 Rad8 36. gxh6 gxh6 37. Rg7+ (37. Na3 Rd3 38. Rg7+ R8d7
39. Rg8 Kd8 40. Rb6 $132 Rxc3 41. Re6 Rxa3 (41... Re7 $2 42. Nb5 Rc2+ 43. Ke3
Rxe6 44. fxe6 Ke7 45. Rg7+ $1 $18) 42. Rgxe8+ Kc7 43. Rxf6 Rd2+ 44. Ke1 Raxa2
45. Re7+ Kb8 46. Rb6 $11) 37... R6d7 38. Rxd7+ (38. Rg8 $5 Bf7 39. Rg7 $13 Bxc4
40. Rg6 {and once again it seems that Black's attack is good enough only for a
draw.}) 38... Rxd7 39. Re2 Bf7 40. Rd2 {White seeks salvation in a minor piece
endgame. While simplification is often a good defensive method, here without
rooks his counterplay tends to be less effective. However, this is in all
probability still not the decisive mistake...} (40. Na3 $5 Rd3 (40... Bh5 41.
Rb2 Rd3 42. Nb5+ Kd8 43. a4 (43. Na7 Rf3+ 44. Kg1 Rxc3 45. Rxb7 Rxc4 46. Nc6+
Ke8 47. Re7+ Kf8 48. Rc7 Rxe4 49. Nd8 $132) 43... Be8 44. a5 Bc6 45. Re2 h5 46.
Re1 $132 {[%cal Ye1g1]}) 41. Re3 Rd2+ 42. Re2 Rd8 43. Ke3 Rg8 (43... Ra8 44.
Rg2 Kd7 45. Rg7 Ke7 46. Nb5 Kf8 47. Rg2 Bxc4 48. Nd6 Ra3 49. Rg6) 44. Nb5+ Kc6
45. Rd2 Bxc4 46. Nd6 Rg3+ (46... Ba6 47. Nf7 Rg3+ 48. Kf2 Rxc3 49. Rd6+ $132) (
46... Bxa2 47. Nxb7 Kxb7 (47... Bc4 48. Nd8+ Kc7 49. Ne6+ $11) 48. Rb2+ $1 Kc6
(48... Kc7 49. Rxa2 Rg3+ 50. Kf2 Rxc3 51. Ra6 $44) 49. Rxa2 Kb5 50. Rb2+ $132)
47. Kf2 Rxc3 48. Ne8 $132 {/\} Bd3 49. Nxf6 {[%cal Yf6g4]} h5 50. Nd5 Ra3 51.
Rxd3 Rxd3 52. f6 Ra3 53. f7 Rxa2+ 54. Ke1 Ra8 55. Ne7+ Kb5 56. Ng6 Kc4 57. f8=Q
Rxf8 58. Nxf8 $11) 40... Bxc4 41. Rxd7+ Kxd7 42. a3 Kc6 43. Nd2 Bf7 44. c4 $6 {
Trying to stop Black's king, but creating another weakness.} (44. Nf1 $142 $1 {
/\} Kb5 45. Ne3 $15 {[%cal Re3g4] /\} h5 46. Ke2 (46. Nd5 $2 Bxd5 47. exd5 c4
$19) 46... Ka4 (46... c4 $6 47. Kd2 Ka4 48. Kc2 $11 Kxa3 $2 49. Nd5 $18) 47.
Nd5 Kxa3 48. Nxf6 b5 49. Nd7 b4 50. cxb4 cxb4 51. Nxe5 b3 52. Nf3 $1) 44... b5
45. Ke3 $2 {Only this puts White on the verge of defeat.} ({A considerably
stronger move was} 45. cxb5+ $142 Kxb5 46. Ke3 c4 {[%cal Rc4c3]} (46... Ka4 $2
47. Kd3 Kxa3 48. Kc3 {[%csl Rf6][%cal Yd2c4,Yc4b6,Yb6d7,Yb6d5]} Ka4 49. Nc4 Bh5
50. Nb6+ Kb5 51. Nd5 Kc6 52. Nxf6 Bf3 53. Kd3 Kd6 $11 {and it's already Black,
who scrapes a draw.}) 47. Nb1 $8 Ka4 48. Kd2 Kb3 49. Nc3 Kxa3 50. Kc2 Kb4 51.
Na2+ (51. Kb2 Kc5 52. Kc2 {- 51.Na2+}) 51... Kc5 52. Nc3 Kd4 53. Kd2 $15 {
and the tricky knight with its numerous forks still seems to save the day:} h5
(53... Be8 54. Nd5 c3+ 55. Kc1 $1 Bf7 56. Nxf6 Bb3 57. h5 Ke3 58. Ng4+ Kxe4 59.
Nxh6 $11) (53... Bg8 54. Kc2 {/\} Ke3 55. Nd5+ $11) 54. Nb5+ Kxe4 55. Nd6+ Kf4
56. Nxf7 Kxf5 57. Nd6+ Kg4 58. Nxc4 Kxh4 59. Ke2 $11) 45... b4 $1 {The main
problem is now Black will have a passed b-pawn, which is far more dangerous
than the Pc4 from the previous line - his B controls b1.} (45... bxc4 $2 46.
Nb1 $11) 46. Kd3 Kb6 (46... bxa3 $2 47. Kc2 $11 {[%cal Yc2b3,Yb3a3]}) 47. Kc2 (
47. axb4 cxb4 48. Nf1 Ka5 49. Ne3 Ka4 50. c5 Be8 $1 51. Kc2 Ka3 52. Kb1 Bb5 $19
) 47... Ka5 48. Kb3 Bh5 $2 {Anand returns the favour and squanders a
half-point.} ({As all the engines and commentators pointed out, the winner was
} 48... Be8 $1 {[] with zuzwang motifs:} 49. Nf1 (49. Ka2 Ka4 50. Nb3 bxa3 51.
Nxc5+ Kb4 $19 {and contrary to the game, White knight doesn't have access to
d7.}) 49... Ba4+ 50. Kb2 Bc6 $1 (50... Bd1 51. Ne3 Bf3 52. Nd5 Bxe4 53. Nxf6
Bxf5 54. Kb3 bxa3 55. Kxa3 e4 56. Nd5 Be6 57. Ne3 Kb6 58. Kb3 Kc6 59. Ka4 $1
$17) 51. axb4+ (51. Nd2 Ka4 52. axb4 Kxb4 $1 (52... cxb4 $2 53. Nb3 $11 {
[%csl Ra4]}) 53. Kc2 Ba4+ 54. Kb2 (54. Kd3 Bb3 $22) 54... Bd1 55. Nf1 Bf3 56.
Nd2 Be2 $19) 51... cxb4 $5 52. Nd2 Kb6 53. Kc2 Kc5 54. Kd3 Ba4 55. Nf1 h5 56.
Ng3 (56. Ne3 Bb3 $22) 56... Bd1 57. Kd2 Bf3 58. Kd3 b3 59. Kc3 b2 60. Kxb2 Kxc4
$19) 49. Ka2 $1 Ka4 (49... Be8 50. Nb3+ Kb6 51. Kb2 Bf7 52. Nd2 $11 {and the
king already won't penetrate via a4.}) 50. Nb3 bxa3 51. Nxc5+ Kb4 52. Nd7 $11 {
The counterattack is just in time.} Bf7 53. Nxf6 Bxc4+ 54. Ka1 Kc3 55. Ng4 Kd4
56. Nxh6 Kxe4 57. Ng4 Kf4 58. Nxe5 1/2-1/2

[Event "YUG-ch"]
[Site "Novi Sad"]
[Date "1995.??.??"]
[Round "?"]
[White "Abramovic, Bosko"]
[Black "Barlov, Dragan"]
[Result "0-1"]
[WhiteElo "2520"]
[BlackElo "2485"]
[Annotator "Stohl,I"]
[PlyCount "104"]
[EventDate "1995.02.??"]
[EventType "tourn"]
[EventRounds "17"]
[EventCountry "YUG"]
[EventCategory "10"]
[SourceTitle "CBM 049"]
[Source "ChessBase"]
[SourceDate "1995.12.01"]
[SourceVersion "1"]
[SourceVersionDate "1995.12.01"]
[SourceQuality "1"]

1. Nf3 Nf6 2. g3 d6 3. d4 c5 $5 4. Bg2 (4. d5 b5 $5 5. c4 (5. a4 b4 $13) 5...
a6 6. Bg2 e6 7. Nc3 b4 8. Nb1 exd5 9. Nh4 Bb7 10. O-O g6 11. cxd5 Nbd7 12. b3
Bg7 13. Bb2 O-O 14. e4 a5 15. a4 Nb6 16. Nd2 Ba6 17. Re1 Nfd7 18. Bxg7 Kxg7 $15
{/\c4,o^b4,Gruenfeld,Y-Pasman,M/Beer Sheva/1982/}) (4. dxc5 Qa5+ (4... dxc5 $6
5. Qxd8+ Kxd8 6. Ne5 Be6 7. Bg2 $36) 5. Nbd2 Qxc5 6. Bg2 g6 7. O-O Bg7 8. c3
O-O $10) 4... cxd4 (4... e6 5. c4 cxd4 6. Nxd4 a6 7. O-O Qc7 8. b3 Nc6 9. Nc3
Nxd4 10. Qxd4 Bd7 11. Bg5 Be7 12. Ne4 e5 13. Qd3 Nxe4 14. Bxe7 Bc6 15. Bxe4
Kxe7 16. Rfd1 g6 17. Qe3 Bxe4 18. Qxe4 h5 19. Rd5 Rhd8 20. Rad1 b6 21. f4 $40 {
Schlosser,P-Heinemann,T/BL 9293/1992/}) 5. Nxd4 Qc7 (5... e6 6. O-O Be7 7. c4
a6 8. Nc3 Qc7 9. b3 O-O 10. Bb2 Nbd7 11. Rc1 Re8 12. Qd2 Bf8 13. Rfd1 Ne5 14.
Ba3 Rd8 15. Nf3 Ng6 16. Ng5 Be7 17. Nce4 Ne8 18. h4 h6 19. Nf3 b6 20. Qe3 Bb7
21. Bb2 Rab8 22. a3 $14 {Romanishin,O-Yap,A/Moscow/1986/}) 6. O-O a6 7. e4 (7.
b3 e5 $5 8. Nf3 d5 9. Bg5 Be6 $13 {[%csl Gd5,Ge5] [+]}) 7... e6 8. b3 $5 (8.
Nc3 Be7 {-B80}) 8... Be7 9. c4 Nc6 (9... Nbd7 10. Qe2 {/\} O-O 11. g4 $5 $36)
10. Bb2 O-O 11. Nc3 Bd7 12. Nxc6 (12. Rc1 {[%cal Rc3d5] /\Nd5!} Nxd4 13. Qxd4
Rac8 14. Rfd1 $14 {()}) 12... Bxc6 13. Qe2 (13. Rc1 $142 $5 $14) 13... Rac8 14.
Rfe1 (14. Rac1 Qb8 15. Rfd1 Rfe8 16. Ba3 $5 $13 {[%csl Rd6][%cal Yd1d2,Yc1d1,
Gd2d6] /\Rd2,Rcd1,><d6}) 14... Rfe8 15. Rac1 Qb8 16. a4 $6 {[%csl Rc5] ><c5}
Nd7 17. b4 (17. a5 $2 b6 18. axb6 Qxb6 $17 {[%csl Rb3] ><b3}) 17... b6 {
[%csl Ra4,Rb4,Rc4] A typical hedgehog position. White has already exposed
himself on the Queen-side and the c4-pawn is weaker, than d6.} 18. f4 $6 (18.
Rc2 Bb7 19. Rec1 $10) 18... Bb7 19. Nd1 Bf6 20. Bxf6 (20. e5 dxe5 21. fxe5 Be7
$17 {[%csl Rb4,Re5,Rg1] ><b4,e5,Kg1}) 20... Nxf6 $36 21. Nf2 (21. e5 Bxg2 22.
Qxg2 (22. exf6 Ba8 23. Qg4 g6 $40 {[%cal Ga8h1] /^a8-h1}) 22... dxe5 $17) 21...
Nd7 (21... a5 $6 22. bxa5 bxa5 23. Rb1 Qa8 24. Rxb7 Qxb7 25. e5 $14) 22. Red1
Red8 23. Qd2 Nf8 24. Qe3 (24. Qd4 Qc7 {[%cal Ye6e5,Yf8e6,Ye6d4] /\e5,Ne6-d4|^})
24... Qc7 25. h4 $6 {׻} (25. Nd3 Nd7 26. Rd2 $15) 25... a5 $1 26. b5 (26. bxa5
bxa5 {[%csl Ra4,Rc4] ><a4,c4}) 26... Nd7 27. Nd3 Nc5 $1 28. Nxc5 dxc5 29. e5 (
29. Kf2 e5 $17 {[%cal Rd8d4] /\Rd4}) 29... Bxg2 30. Kxg2 Rd7 $1 {[%cal Gd7d1]
<->d} 31. Rxd7 (31. Qe4 $142 Qd8 $1 $17 (31... Rcd8 32. Qc6 $5 Rd2+ 33. Kh3
$132)) 31... Qxd7 32. Rc2 Rd8 33. Qf3 (33. Kf2 Qd1 $40) 33... Qd3 $1 34. Qxd3
Rxd3 {The R-endgame is practically hopeless for White, as his R is passive and
the white P are weak. Black proceeds to open up the K-side.} 35. h5 Kf8 36. Kf2
Ke7 {[%csl Ra4,Rc4,Rg3] ק} 37. g4 f6 $1 38. exf6+ (38. Ke2 Rd4 $1 (38... Rg3
39. Rd2 fxe5 40. fxe5 Rxg4 41. Rd6 Rxc4 42. Rxb6 Rxa4 43. Rb7+ $132) 39. Rd2
fxe5 40. fxe5 Re4+ $19) 38... Kxf6 39. Rc1 Rd4 40. Ke3 h6 41. Rc2 (41. g5+ hxg5
42. fxg5+ Kxg5 43. Rg1+ Kf6 44. Rf1+ Ke5 45. Rg1 Rxc4 46. Rxg7 Rxa4 $19) 41...
e5 $19 42. Rf2 (42. fxe5+ Kxe5 43. Kf3 Rd3+ 44. Ke2 Rg3 $19) 42... Rxc4 43. g5+
hxg5 44. fxe5+ Ke6 $5 (44... Kxe5 45. Rf7 Rxa4 46. Rxg7 Ra3+ $19) 45. Rf8 Rxa4
46. Rb8 Kxe5 47. Rxb6 Ra3+ 48. Kd2 Rb3 49. Rb7 (49. Rg6 Kf4 50. Rxg7 Rxb5 51.
h6 Rb2+ $19 {[%cal Rb2h2] /\Rh2}) 49... Kf6 50. b6 a4 51. Kc2 c4 52. Rb8 a3 (
52... a3 53. Ra8 g4 $19) 0-1

[Event "Olympiad-29"]
[Site "Novi Sad"]
[Date "1990.11.23"]
[Round "6"]
[White "Stohl, Igor"]
[Black "Benjamin, Joel"]
[Result "1-0"]
[WhiteElo "2525"]
[BlackElo "2560"]
[Annotator "Stohl,I"]
[PlyCount "73"]
[EventDate "1990.11.17"]
[EventType "team-swiss"]
[EventRounds "14"]
[EventCountry "YUG"]
[SourceTitle "TD"]
[Source "ChessBase"]
[SourceDate "1994.03.01"]
[SourceVersion "1"]
[SourceVersionDate "1994.03.01"]
[SourceQuality "1"]
[WhiteTeam "Czechoslovakia"]
[BlackTeam "US of America"]
[WhiteTeamCountry "CSR"]
[BlackTeamCountry "USA"]

1. Nf3 c5 2. c4 Nc6 (2... Nf6 3. Nc3 b6 4. d4 cxd4 5. Nxd4 Bb7 6. f3 d6 7. e4
Nbd7 8. Be3 e6 9. Qd2 a6 10. Be2 Rc8 $5 11. O-O Be7 12. Rac1 (12. a4 $5 Ne5 $1
13. b3 O-O 14. a5 bxa5 {Pd5}) 12... O-O 13. Rfd1 Re8 14. Bf1 Ne5 15. b3 (15.
Na4 $5) 15... Qc7 16. Kh1 Qb8 17. Na4 Ba8 18. b4 Nfd7 19. Bg1 h6 20. a3 Rc7 $10
{Stohl-Yudasin, Novi Sad ol (8) 1990}) 3. d4 cxd4 4. Nxd4 Nf6 5. Nc3 e6 (5...
Qb6 $5 6. Nb3 e6 7. a3 (7. e4 $5 Bb4 8. Bd3) 7... d5 (7... Ne5 {46/53}) 8. Be3
Qd8 9. cxd5 Nxd5 10. Nxd5 exd5 11. g3 a5 $5 (11... Be7 12. Bg2 Be6 13. O-O O-O
14. Nc5 $14) (11... Bd6 12. Bg2 Be5 13. O-O $1 Bxb2 14. Ra2 Bf6 (14... Be5 $5)
15. Rd2 O-O 16. Rxd5 Qc7 17. Bf4 (17. Nc5 $5) 17... Qb6 18. Nc5 $16 {
Razuvaev-Horvath,Jo., Stary Smokovec 1990}) 12. Bg2 a4 13. Nd4 Qa5+ 14. Qd2
Qxd2+ 15. Kxd2 {Stohl-Polgar,J, Amsterdam II 1990} Be6 $14) 6. a3 Bc5 7. Nb3
Be7 8. e4 (8. Bg5 {49/(50)}) 8... b6 9. Be2 O-O 10. O-O Bb7 (10... Ba6 $5 11.
Be3 Rc8 12. f4 d6 13. Kh1 Nb8 $1 14. Nd2 d5 15. cxd5 exd5 16. e5 d4 $1 $10 {
Stohl-Horvath,Jo., Stary Smokovec 1990}) 11. Be3 d6 12. f4 Rc8 13. Bf3 (13. Bd3
Nd7 $5) 13... Nb8 {N} (13... Qc7 {49/50}) 14. Nd2 Nbd7 (14... Ba6 $6 15. b3)
15. Qe2 Qc7 16. Rac1 (16. g4 h6 {(P h7,g5)} 17. h4 Nh7 18. g5 hxg5 19. hxg5 e5
$132 {<->g5}) (16. Rae1 $5) 16... Qb8 $6 (16... a6 $13) 17. g4 Ne8 (17... h6 $2
18. h4 Nh7 19. g5 hxg5 20. hxg5 e5 21. Bg4 $40 {Pg6}) 18. g5 Nc7 19. Qg2 {
Pf5-f6} Rfe8 20. h4 (20. f5 Ne5 21. f6 Bf8 $13) (20. Rce1 $1) 20... Bf8 (20...
d5 $5 21. cxd5 exd5 22. e5 (22. exd5 Bxa3 23. bxa3 Rxe3 24. d6 Ne6 $1 $36)
22... Bc5 23. Bxc5 Nxc5 $132) 21. h5 g6 $1 (21... d5 22. g6 $1 fxg6 (22... dxc4
23. gxf7+ Kxf7 24. h6 g6 25. f5 $16 {~/=}) 23. hxg6 h6 24. cxd5 exd5 25. e5 $16
{~/=}) 22. Rce1 Ba8 (22... Bg7 23. f5 {(P f6~/=/^h)} exf5 24. exf5 Rxe3 25.
Rxe3 Bd4 26. Bxb7 Bxe3+ 27. Kh1 Re8 28. Bc6 $16) (22... d5 $5 $8) 23. Qh3 $1
$36 b5 24. Re2 Re7 (24... bxc4 25. hxg6 fxg6 26. Rh2 Re7 27. Nxc4 Nb5 28. Bg4
$1 $16) 25. f5 exf5 (25... Ne5 26. f6 Rd7 27. hxg6 fxg6 28. Nxb5 $1 Nxb5 29.
Qxe6+ Kh8 30. cxb5 $16) 26. exf5 gxf5 (26... Bxf3 27. Nxf3 gxf5 (27... Rce8 28.
hxg6 fxg6 29. fxg6 hxg6 30. Rh2 $18) 28. Nd4 {P c6, f5}) 27. Bxa8 Qxa8 28. Qxf5
Bg7 29. Nde4 $6 $138 (29. Nce4 {P f6~/=}) 29... Bxc3 $1 30. Nxc3 (30. Nf6+ $5
Nxf6 31. gxf6 Rxe3 $8 (31... Re5 32. Qg4+ Kf8 33. bxc3 $18) 32. Rxe3 Be5 33.
Qg5+ Kf8 $13) 30... Rf8 $1 (30... Rce8 31. Bd4 $1) 31. Bd4 (31. cxb5 $5 $16)
31... Rxe2 32. Nxe2 Ne6 $2 $138 (32... Qe8 $132) 33. g6 $18 Nxd4 (33... hxg6
34. hxg6 Qe8 35. Qh5 $18) 34. gxf7+ Kh8 35. Nxd4 Qd8 36. Ne6 Qh4 (36... Qb6+
37. Kh1 (37. Qf2 $4 Rxf7) 37... Qc6+ 38. Qd5) 37. Nxf8 1-0